[Event "Bydgoszcz op"]
[Site "Bydgoszcz"]
[Date "2024.08.30"]
[Round "5"]
[White "Czarnota, Pawel"]
[Black "Setumadhav, Yellumahanthi"]
[Result "1-0"]
[WhiteElo "2501"]
[BlackElo "2195"]
[PlyCount "99"]
[EventDate "2024.08.26"]
[EventType "swiss"]
[EventRounds "9"]
[EventCountry "POL"]
[SourceTitle "EXT 2025"]
[Source "ChessBase"]
[SourceDate "2024.10.14"]
[SourceVersion "1"]
[SourceVersionDate "2024.10.14"]
[SourceQuality "1"]

1. e4 e5 2. Nf3 Nc6 3. Bb5 a6 4. Ba4 Nf6 5. 0-0 d6 6. Re1 Bd7 7. c3 g6 8. d4 Bg7 9. d5 Ne7 10. Bc2 0-0 11. c4 h6 12. c5 Ne8 13. b4 f5 14. Nc3 f4 15. Bb3 Kh7 16. Nd2 g5 17. f3 h5 18. h3 Ng6 19. Kf2 a5 20. c6 bxc6 21. dxc6 Bxc6 22. b5 Bd7 23. Rb1 Qb8 24. a4 Qa7+ 25. Kf1 Nf6 26. Nc4 g4 27. hxg4 hxg4 28. Ke2 Bh6 29. Rh1 Kg7 30. b6 Qa6 31. bxc7 Be6 32. Nb5 d5 33. Ncd6 Ne7 34. Bb2 Nc8 35. Bxe5 Nxd6 36. Bxd6 Bd7 37. e5 Ne4 38. fxe4 f3+ 39. Kd3 fxg2 40. Rxh6 Rf1 41. Qd2 dxe4+ 42. Kc2 Qc6+ 43. Nc3 e3 44. Qxe3 Bf5+ 45. Kd2 Qxc3+ 46. Kxc3 Rf3 47. Qxf3 gxf3 48. Rc1 f2 49. Rhh1 Rh8 50. Rhg1 1-0

[Event "Bydgoszcz op"]
[Site "Bydgoszcz"]
[Date "2024.08.26"]
[Round "1"]
[White "Czarnota, Pawel"]
[Black "Terkiewicz, Bruno"]
[Result "0-1"]
[WhiteElo "2501"]
[BlackElo "2206"]
[PlyCount "60"]
[EventDate "2024.08.26"]
[EventType "swiss"]
[EventRounds "9"]
[EventCountry "POL"]
[SourceTitle "EXT 2025"]
[Source "ChessBase"]
[SourceDate "2024.10.14"]
[SourceVersion "1"]
[SourceVersionDate "2024.10.14"]
[SourceQuality "1"]

1. c4 e5 2. d3 d6 3. Nc3 f5 4. g3 Be7 5. d4 Nf6 6. Nf3 e4 7. Ng1 0-0 8. h4 c6 9. Bg5 Be6 10. e3 Nbd7 11. Nh3 d5 12. Qb3 Bf7 13. Nf4 h6 14. cxd5 cxd5 15. Bxf6 Nxf6 16. h5 Rb8 17. Be2 b5 18. Rc1 Bd6 19. Ng6 b4 20. Nb5 Bxg6 21. hxg6 Rb7 22. Kd2 Be7 23. Rc6 Qb8 24. Qa4 Ng4 25. Rf1 Rd8 26. Qa6 Kh8 27. Qa5 Bg5 28. Nc7 Rb6 29. Na6 Nxe3 30. Nxb8 Nc4+ 0-1

[Event "Katowice Silesia 100th Ann op"]
[Site "Katowice"]
[Date "2024.04.28"]
[Round "9"]
[White "Klimkowski, Jan"]
[Black "Czarnota, Pawel"]
[Result "1/2-1/2"]
[WhiteElo "2505"]
[BlackElo "2501"]
[PlyCount "54"]
[EventDate "2024.04.27"]
[EventType "swiss (rapid)"]
[EventRounds "11"]
[EventCountry "POL"]
[SourceTitle "CBM 220 Extra"]
[Source "ChessBase"]
[SourceDate "2024.07.31"]
[SourceVersion "1"]
[SourceVersionDate "2024.07.31"]
[SourceQuality "1"]

1. e4 c5 2. Nf3 d6 3. Bb5+ Nd7 4. a4 Ngf6 5. Nc3 e6 6. 0-0 a6 7. Bc4 Qc7 8. Ba2 b6 9. d4 cxd4 10. Qxd4 Bb7 11. Bg5 Be7 12. Rad1 0-0 13. Nd2 h6 14. Bh4 Ne5 15. Nc4 Nxc4 16. Bxc4 Rac8 17. Bb3 Nxe4 18. Nxe4 Bxh4 19. Nxd6 Bf6 20. Qe3 Rcd8 21. Nxb7 Qxb7 22. c3 a5 23. Bc2 Qc6 24. g3 Rxd1 25. Rxd1 Rd8 26. Rxd8+ Bxd8 27. Qd3 Bf6 1/2-1/2

[Event "Katowice Silesia 100th Ann op"]
[Site "Katowice"]
[Date "2024.04.27"]
[Round "2"]
[White "Czarnota, Pawel"]
[Black "Zabron, Maksym"]
[Result "1-0"]
[WhiteElo "2501"]
[BlackElo "2000"]
[PlyCount "69"]
[EventDate "2024.04.27"]
[EventType "swiss (rapid)"]
[EventRounds "11"]
[EventCountry "POL"]
[SourceTitle "CBM 220 Extra"]
[Source "ChessBase"]
[SourceDate "2024.07.31"]
[SourceVersion "1"]
[SourceVersionDate "2024.07.31"]
[SourceQuality "1"]

1. e4 c5 2. Nf3 e6 3. d4 cxd4 4. Nxd4 Nc6 5. Nc3 Qc7 6. Be2 a6 7. 0-0 Nf6 8. Be3 Bb4 9. Na4 Be7 10. c4 Nxe4 11. Rc1 0-0 12. c5 f5 13. f4 Bf6 14. g3 Rd8 15. Bf3 d5 16. a3 Bd7 17. Nb6 Rab8 18. b4 Ne7 19. Bg2 g6 20. Re1 Kf7 21. Qb3 Bc6 22. a4 e5 23. fxe5 Bxe5 24. b5 Be8 25. Bxe4 fxe4 26. Rf1+ Bf6 27. Rxf6+ Kxf6 28. Bf4 Qxf4 29. gxf4 Bf7 30. Qc3 Nf5 31. Nxf5+ Kxf5 32. Qe5+ Kg4 33. Qg5+ Kf3 34. Qg3+ Ke2 35. Rc2+ 1-0

[Event "Titled Tuesday intern op 02nd Jan Late"]
[Site "Chess.com INT"]
[Date "2024.01.02"]
[Round "8"]
[White "Czarnota, Pawel"]
[Black "Nihal, Sarin"]
[Result "0-1"]
[WhiteElo "2501"]
[BlackElo "2693"]
[PlyCount "140"]
[EventDate "2024.01.02"]
[EventType "swiss (blitz)"]
[EventRounds "11"]
[EventCountry "USA"]
[SourceTitle "EXT 2025"]
[Source "ChessBase"]
[SourceDate "2024.10.14"]
[SourceVersion "1"]
[SourceVersionDate "2024.10.14"]
[SourceQuality "1"]

1. e4 c5 2. Nf3 d6 3. d4 cxd4 4. Nxd4 Nf6 5. Nc3 a6 6. Be3 e6 7. a4 Nc6 8. Be2 Be7 9. 0-0 0-0 10. f4 Nb4 11. a5 Bd7 12. Kh1 Rc8 13. Bf3 Qc7 14. Qd2 Rfd8 15. Qf2 Be8 16. Nb3 Nd7 17. Ra4 Nc6 18. Rc4 Qb8 19. Nd5 exd5 20. exd5 Nce5 21. Rxc8 Qxc8 22. fxe5 Nxe5 23. Bb6 Rd7 24. Be4 g6 25. Nd4 Bd8 26. Bxd8 Qxd8 27. b4 Qc7 28. Nf3 Re7 29. Nxe5 Rxe5 30. Bf3 Bb5 31. Rd1 Qe7 32. h3 Be2 33. Rd4 Bxf3 34. Qxf3 Rf5 35. Re4 Qf6 36. Qd3 h5 37. Kh2 Kh7 38. Qd4 Kg7 39. c4 Qxd4 40. Rxd4 Kf6 41. c5 Ke7 42. c6 bxc6 43. dxc6 Kd8 44. Rxd6+ Kc7 45. Rd7+ Kxc6 46. Ra7 Kb5 47. Rb7+ Kc4 48. Rb6 h4 49. Rxa6 Kxb4 50. Ra7 Kb5 51. Kg1 Ka4 52. Kh2 Rf1 53. a6 Kb5 54. Ra8 Kb6 55. a7 Rf4 56. Kg1 Kb7 57. Rb8+ Kxa7 58. Rb2 Ka6 59. Rb3 Ka5 60. g3 hxg3 61. Kg2 Rb4 62. Ra3+ Kb6 63. Kxg3 Kc6 64. Ra7 Rb7 65. Rxb7 Kxb7 66. Kf4 f6 67. h4 Kc6 68. Kg4 Kd5 69. h5 gxh5+ 70. Kxh5 f5 0-1

[Event "Titled Tuesday intern op 02nd Jan Late"]
[Site "Chess.com INT"]
[Date "2024.01.02"]
[Round "4"]
[White "Czarnota, Pawel"]
[Black "Sarana, Alexey"]
[Result "0-1"]
[WhiteElo "2501"]
[BlackElo "2695"]
[PlyCount "126"]
[EventDate "2024.01.02"]
[EventType "swiss (blitz)"]
[EventRounds "11"]
[EventCountry "USA"]
[SourceTitle "EXT 2025"]
[Source "ChessBase"]
[SourceDate "2024.10.14"]
[SourceVersion "1"]
[SourceVersionDate "2024.10.14"]
[SourceQuality "1"]

1. e4 c5 2. Nf3 d6 3. d4 cxd4 4. Nxd4 Nf6 5. Nc3 a6 6. h4 e5 7. Nb3 Be7 8. Bg5 Nbd7 9. a4 Qc7 10. a5 h6 11. Be3 Nf8 12. f3 Be6 13. Nd5 Nxd5 14. exd5 Bf5 15. c4 Nd7 16. Bd3 Bxd3 17. Qxd3 0-0 18. g4 e4 19. Qxe4 Rae8 20. g5 Bxg5 21. hxg5 Rxe4 22. fxe4 Qxc4 23. Nd2 Qd3 24. Ra3 Qb5 25. Rb3 Qxa5 26. Ke2 hxg5 27. Rxb7 Ne5 28. Bxg5 Qc5 29. Rb3 f6 30. Be3 Qc8 31. Rg1 Qh3 32. Rb7 Qh5+ 33. Kf2 Nd3+ 34. Kg3 f5 35. Bd4 Qg4+ 36. Kh2 Qf4+ 37. Kh3 Qh6+ 38. Kg3 Qg5+ 39. Kh2 Qxd2+ 40. Rg2 Qh6+ 41. Kg1 Qc1+ 42. Kh2 Rf7 43. Bxg7 Qf4+ 44. Kg1 Qc1+ 45. Kh2 Rxb7 46. Bh6+ Kf7 47. Bxc1 Nxc1 48. exf5 Nd3 49. Rg3 Rxb2+ 50. Kg1 Ne5 51. Ra3 Rb6 52. Rh3 Kf6 53. Rh5 a5 54. Kf2 a4 55. Rh8 Ra6 56. Ke3 a3 57. Rf8+ Kg5 58. Rg8+ Kxf5 59. Rg1 a2 60. Rf1+ Kg5 61. Ra1 Ra4 62. Rg1+ Ng4+ 63. Kf3 a1Q 0-1

[Event "Titled Tuesday intern op 02nd Jan Late"]
[Site "Chess.com INT"]
[Date "2024.01.02"]
[Round "6"]
[White "Fedoseev, Vladimir1"]
[Black "Czarnota, Pawel"]
[Result "0-1"]
[WhiteElo "2690"]
[BlackElo "2501"]
[PlyCount "152"]
[EventDate "2024.01.02"]
[EventType "swiss (blitz)"]
[EventRounds "11"]
[EventCountry "USA"]
[SourceTitle "EXT 2025"]
[Source "ChessBase"]
[SourceDate "2024.10.14"]
[SourceVersion "1"]
[SourceVersionDate "2024.10.14"]
[SourceQuality "1"]

1. Nf3 Nf6 2. b3 g6 3. Bb2 Bg7 4. g3 0-0 5. Bg2 d6 6. d4 e5 7. dxe5 Ng4 8. Nc3 Nxe5 9. Nxe5 dxe5 10. Qxd8 Rxd8 11. Nd5 Na6 12. Ne7+ Kf8 13. Nxc8 Raxc8 14. Bxb7 Nb4 15. Ba3 c5 16. Bxb4 cxb4 17. Bxc8 e4 18. Rc1 Rxc8 19. 0-0 Bb2 20. Rcd1 Rxc2 21. Rd8+ Kg7 22. Rd7 Rxe2 23. Rfd1 Bc3 24. Rxa7 g5 25. Kf1 Rc2 26. Rdd7 Kg6 27. Rxf7 Bd4 28. Rad7 Rxa2 29. Rxd4 Kxf7 30. Rxe4 Kg6 31. Rxb4 h5 32. h4 g4 33. Rb6+ Kg7 34. b4 Rb2 35. b5 Kh7 36. Rb8 Kg7 37. b6 Kh7 38. Ke1 Kg7 39. b7 Kh7 40. Kd1 Kg7 41. Kc1 Rb6 42. Kd2 Rb5 43. Kd3 Rb4 44. Kc3 Rb1 45. Kd4 Rb2 46. Ke5 Rb3 47. Ke6 Rb6+ 48. Kd5 Rb2 49. Ke5 Rb1 50. Ke6 Rb6+ 51. Kd7 Rb2 52. Kc6 Rc2+ 53. Kd6 Rd2+ 54. Kc5 Rb2 55. Kc4 Rb1 56. Kd3 Rb2 57. Ke4 Rb4+ 58. Ke3 Rb3+ 59. Ke2 Rb2+ 60. Kd3 Rb3+ 61. Kc4 Rb1 62. Kc5 Rb2 63. Rd8 Rxb7 64. Rd5 Kg6 65. Rg5+ Kh6 66. Rf5 Kg6 67. Rf4 Rd7 68. Kc6 Rd8 69. Kc5 Rd2 70. Kc4 Rd7 71. Rd4 Rf7 72. Rd2 Rf3 73. Kd5 Kg7 74. Ke6 Kg6 75. Ke7 Kg7 76. Rd5 Kg6 0-1

[Event "Titled Tuesday intern op 02nd Jan Late"]
[Site "Chess.com INT"]
[Date "2024.01.02"]
[Round "9"]
[White "Kamsky, Gata"]
[Black "Czarnota, Pawel"]
[Result "1/2-1/2"]
[WhiteElo "2623"]
[BlackElo "2501"]
[PlyCount "105"]
[EventDate "2024.01.02"]
[EventType "swiss (blitz)"]
[EventRounds "11"]
[EventCountry "USA"]
[SourceTitle "EXT 2025"]
[Source "ChessBase"]
[SourceDate "2024.10.14"]
[SourceVersion "1"]
[SourceVersionDate "2024.10.14"]
[SourceQuality "1"]

1. d4 Nf6 2. Bf4 g6 3. c3 Bg7 4. Nf3 0-0 5. h3 d6 6. Nbd2 c5 7. dxc5 dxc5 8. e4 b6 9. Bc4 Bb7 10. Qe2 e6 11. 0-0 Nc6 12. Ba6 Qc8 13. Bxb7 Qxb7 14. a4 Rfd8 15. Nc4 Na5 16. Nxa5 bxa5 17. Rfe1 a6 18. Qc2 c4 19. Qe2 Rac8 20. Bg5 h6 21. Bxf6 Bxf6 22. Rad1 Qb3 23. e5 Bg7 24. Nd4 Qxa4 25. Ra1 Qe8 26. Rxa5 Rd5 27. Rxd5 exd5 28. f4 Rb8 29. Kh1 Rb6 30. Qf2 Qb8 31. Re2 a5 32. e6 fxe6 33. Nxe6 Bf6 34. Kh2 Qd6 35. Nd4 Rb7 36. Qg3 Bxd4 37. cxd4 Rf7 38. Re5 Kh7 39. Qf3 Qf6 40. f5 gxf5 41. Qxd5 f4 42. Qe4+ Qg6 43. Qxg6+ Kxg6 44. Rxa5 Rb7 45. Rc5 Rxb2 46. Rxc4 f3 47. Kg3 fxg2 48. Rc1 Rd2 49. Rg1 Rxd4 50. Rxg2 Rd3+ 51. Kh4+ Kh7 52. Rg4 Rd5 53. Kg3 1/2-1/2

[Event "Titled Tuesday intern op 02nd Jan Late"]
[Site "Chess.com INT"]
[Date "2024.01.02"]
[Round "5"]
[White "Veljanoski, Andrej"]
[Black "Czarnota, Pawel"]
[Result "0-1"]
[WhiteElo "2290"]
[BlackElo "2501"]
[PlyCount "158"]
[EventDate "2024.01.02"]
[EventType "swiss (blitz)"]
[EventRounds "11"]
[EventCountry "USA"]
[SourceTitle "EXT 2025"]
[Source "ChessBase"]
[SourceDate "2024.10.14"]
[SourceVersion "1"]
[SourceVersionDate "2024.10.14"]
[SourceQuality "1"]

1. Nf3 Nf6 2. c4 g6 3. b3 Bg7 4. Bb2 0-0 5. g3 d6 6. Bg2 e5 7. d3 Nc6 8. 0-0 Bg4 9. h3 Be6 10. e4 Nd7 11. Nc3 a5 12. Nd5 Nc5 13. d4 exd4 14. Nxd4 Bxd5 15. exd5 Nxd4 16. Bxd4 Re8 17. Qd2 Bxd4 18. Qxd4 Qg5 19. Rfe1 h5 20. h4 Qf5 21. Re3 Rxe3 22. Qxe3 Qe5 23. Re1 Qxe3 24. Rxe3 Kf8 25. Kf1 Na6 26. a3 b6 27. Ke2 a4 28. b4 Nxb4 29. Kd2 Na6 30. Kc3 Nc5 31. Kb4 Re8 32. Kb5 Rxe3 33. fxe3 Ke7 34. Kc6 Kd8 35. Bf3 Nb3 36. Bd1 Nd2 37. Kb5 Ne4 38. Bxa4 Nxg3 39. Bc2 Nf1 40. e4 Ne3 41. Bd3 Ng2 42. e5 dxe5 43. c5 bxc5 44. a4 Kc8 45. Kc6 Kb8 46. a5 Nxh4 47. a6 Ng2 48. a7+ Kxa7 49. Kxc7 Nf4 50. d6 h4 51. d7 Ne6+ 52. Kd6 h3 53. Bc4 Nd8 54. Kc7 h2 55. Bd5 Ne6+ 56. Bxe6 h1Q 57. d8Q Qb7+ 58. Kd6 Qa6+ 59. Kxc5 Qxe6 60. Qc7+ Ka8 61. Qa5+ Kb7 62. Qb5+ Kc7 63. Qa5+ Kd7 64. Qa7+ Ke8 65. Qb8+ Ke7 66. Qc7+ Kf6 67. Qb8 e4 68. Kd4 e3 69. Qh8+ Kg5 70. Qh2 e2 71. Qg3+ Kf6 72. Qe1 Kg7 73. Kd3 g5 74. Qc3+ f6 75. Qe1 Kg6 76. Kd2 f5 77. Kc2 g4 78. Kd2 Qe5 79. Kc2 Qe3 0-1

[Event "Rome City op 5th"]
[Site "Rome"]
[Date "2023.12.06"]
[Round "4"]
[White "Danielyan, Vahe"]
[Black "Czarnota, Pawel"]
[Result "0-1"]
[WhiteElo "2317"]
[BlackElo "2502"]
[PlyCount "114"]
[EventDate "2023.12.04"]
[EventType "swiss"]
[EventRounds "9"]
[EventCountry "ITA"]
[SourceTitle "CBM 217 Extra"]
[Source "ChessBase"]
[SourceDate "2024.01.31"]
[SourceVersion "1"]
[SourceVersionDate "2024.01.31"]
[SourceQuality "1"]

1. e4 c5 2. Nf3 d6 3. d4 cxd4 4. Nxd4 Nf6 5. Nc3 Nc6 6. Bg5 e6 7. Qd3 Bd7 8. 0-0-0 a6 9. f4 h6 10. Bh4 g5 11. Bg3 Nh5 12. Nxc6 Bxc6 13. f5 Nxg3 14. hxg3 Qa5 15. Be2 0-0-0 16. Bh5 Rh7 17. Rhf1 Qe5 18. Kb1 Be7 19. Qf3 Kb8 20. f6 Bf8 21. Qf2 Rc8 22. Rfe1 g4 23. Bxg4 h5 24. Bh3 Rh6 25. Nd5 Rg6 26. Qd2 Rxg3 27. Ne7 Bxe7 28. fxe7 Re8 29. Qxd6+ Qxd6 30. Rxd6 Kc7 31. Rd3 Rg5 32. Kc1 Rxe7 33. b3 Rd7 34. Kd2 Re5 35. Rf1 Re7 36. Rf6 Bxe4 37. Re3 Kd6 38. c4 Bg6 39. Ref3 a5 40. Kc3 Rd7 41. a3 Re2 42. b4 a4 43. c5+ Kd5 44. Rf2 Re3+ 45. Kb2 Kc4 46. R6f4+ Rd4 47. g3 Rb3+ 48. Ka2 Bb1+ 49. Ka1 Be4 50. Ka2 Kc3 51. Rxe4 Rxe4 52. Bg2 f5 53. Rf3+ Kc4 54. Bf1+ Kd4 55. Rxb3 axb3+ 56. Kxb3 Re3+ 57. Kb2 Rxg3 0-1

[Event "POL-chT 1st League"]
[Site "Leba"]
[Date "2023.09.25"]
[Round "3.1"]
[White "Czarnota, Pawel"]
[Black "Cyborowski, Lukasz"]
[Result "1/2-1/2"]
[WhiteElo "2505"]
[BlackElo "2479"]
[PlyCount "27"]
[EventDate "2023.09.23"]
[EventType "team-swiss"]
[EventRounds "9"]
[EventCountry "POL"]
[SourceTitle "CBM 216 Extra"]
[Source "ChessBase"]
[SourceDate "2023.11.30"]
[SourceVersion "1"]
[SourceVersionDate "2023.11.30"]
[SourceQuality "1"]
[WhiteTeam "Bydgoszcz Energia Gwiazda"]
[BlackTeam "Wrzos Miedzyborow"]
[WhiteTeamCountry "POL"]
[BlackTeamCountry "POL"]

1. Nf3 Nf6 2. c4 e6 3. Nc3 d5 4. e3 dxc4 5. Bxc4 a6 6. 0-0 c5 7. a4 Nc6 8. d4 Be7 9. Qe2 cxd4 10. Rd1 e5 11. exd4 exd4 12. Nxd4 Nxd4 13. Qe5 Qd6 14. Qxd4 1/2-1/2

[Event "Suwalki Warakomska Memorial 7th"]
[Site "Suwalki"]
[Date "2023.08.13"]
[Round "8"]
[White "Czarnota, Pawel"]
[Black "Nasuta, Grzegorz"]
[Result "1/2-1/2"]
[WhiteElo "2491"]
[BlackElo "2544"]
[PlyCount "28"]
[EventDate "2023.08.07"]
[EventType "swiss"]
[EventRounds "9"]
[EventCountry "POL"]
[SourceTitle "CBM 215 Extra"]
[Source "ChessBase"]
[SourceDate "2023.09.30"]
[SourceVersion "1"]
[SourceVersionDate "2023.09.30"]
[SourceQuality "1"]

1. e4 e6 2. d4 d5 3. Nc3 Nf6 4. e5 Nfd7 5. f4 c5 6. Nf3 Nc6 7. Be3 a6 8. Qd2 b5 9. dxc5 Bxc5 10. Bd3 Qb6 11. Bf2 h6 12. 0-0 Bxf2+ 13. Qxf2 Qxf2+ 14. Kxf2 Ke7 1/2-1/2

[Event "Titled Tuesday intern op 25th Jul Late"]
[Site "Chess.com INT"]
[Date "2023.07.25"]
[Round "4"]
[White "Vega Gutierrez, Sabrina Neide"]
[Black "Czarnota, Pawel"]
[Result "1-0"]
[WhiteElo "2377"]
[BlackElo "2502"]
[PlyCount "65"]
[EventDate "2023.07.25"]
[EventType "swiss (blitz)"]
[EventRounds "11"]
[EventCountry "USA"]
[SourceTitle "EXT 2024"]
[Source "ChessBase"]
[SourceDate "2023.10.10"]
[SourceVersion "1"]
[SourceVersionDate "2023.10.10"]
[SourceQuality "1"]

1. e4 c5 2. Nf3 d6 3. d4 cxd4 4. Qxd4 Nc6 5. Bb5 Bd7 6. Bxc6 Bxc6 7. Nc3 e6 8. Bg5 Nf6 9. 0-0-0 Be7 10. Qd3 0-0 11. Nd4 Qa5 12. f4 Rac8 13. Kb1 Rfe8 14. f5 Bd7 15. Nb3 Qe5 16. Bxf6 Qxf6 17. g3 Qe5 18. h4 a6 19. g4 b5 20. a3 Bf8 21. Rhf1 Rc4 22. Nd2 Rc7 23. g5 Rec8 24. Nf3 Qc5 25. g6 fxg6 26. fxg6 h6 27. Nd4 b4 28. axb4 Qxb4 29. Nb3 Be8 30. Qh3 Qc4 31. Rd4 Qc6 32. Qxe6+ Kh8 33. Rxf8# 1-0

[Event "POL-chT 2nd League"]
[Site "Jastrzebia Gora"]
[Date "2022.09.07"]
[Round "5.2"]
[White "Czarnota, Pawel"]
[Black "Maciejczak, Jakub"]
[Result "1-0"]
[WhiteElo "2505"]
[BlackElo "2374"]
[PlyCount "143"]
[EventDate "2022.09.03"]
[EventType "team-swiss"]
[EventRounds "9"]
[EventCountry "POL"]
[SourceTitle "CBM 210 Extra"]
[Source "ChessBase"]
[SourceDate "2022.11.30"]
[SourceVersion "1"]
[SourceVersionDate "2022.11.30"]
[SourceQuality "1"]
[WhiteTeam "Bydgoszcz Energia Gwiazda"]
[BlackTeam "Ostrow Wielkopolski"]
[WhiteTeamCountry "POL"]
[BlackTeamCountry "POL"]

1. e4 c6 2. d4 d5 3. e5 Bf5 4. Nd2 e6 5. Nb3 Nd7 6. Nf3 h6 7. Be2 Ne7 8. 0-0 Bh7 9. a4 Ng6 10. a5 a6 11. c4 Be7 12. cxd5 cxd5 13. Ne1 0-0 14. g3 Rc8 15. Be3 Re8 16. Nd3 Ngf8 17. Qd2 Rc4 18. Rfc1 Qb8 19. Ndc5 Rxc1+ 20. Rxc1 Rc8 21. Qb4 Nxc5 22. Nxc5 Bxc5 23. Rxc5 Nd7 24. Rc3 Bg6 25. Bd2 Rxc3 26. Qxc3 f6 27. exf6 Nxf6 28. f3 Qd8 29. Bf4 Qd7 30. Kf2 Kf7 31. b4 Kg8 32. h4 Be8 33. Qc7 Qxc7 34. Bxc7 Bb5 35. Bd1 Kf7 36. Ke3 Nd7 37. h5 Nf6 38. g4 Nd7 39. Bc2 Ke7 40. Kf4 Be2 41. Ke3 Bb5 42. Bh7 Nf6 43. Bg6 Ba4 44. Be5 Bd1 45. Kf2 Ba4 46. Ke2 Bb5+ 47. Kd2 Ba4 48. Bg3 Bb5 49. Bh4 Kd6 50. Bxf6 gxf6 51. f4 Ke7 52. Ke3 Ba4 53. Kf3 Bd1+ 54. Kg3 Kf8 55. g5 fxg5 56. fxg5 hxg5 57. h6 Be2 58. Be8 Bd3 59. Bd7 Kf7 60. Bc8 Kg6 61. Bxe6 Bc4 62. Bc8 Kxh6 63. Bxb7 Bb5 64. Bxd5 Kg6 65. Kf3 Kf5 66. Ke3 g4 67. Be4+ Kg5 68. Bd3 Bxd3 69. Kxd3 Kh4 70. d5 Kg5 71. Ke2 Kf5 72. b5 1-0

[Event "Titled Tuesday intern op 02nd Aug Late"]
[Site "Chess.com INT"]
[Date "2022.08.02"]
[Round "4"]
[White "Czarnota, Pawel"]
[Black "Gascon del Nogal, Jose Rafael"]
[Result "1-0"]
[WhiteElo "2502"]
[BlackElo "2449"]
[PlyCount "63"]
[EventDate "2022.08.02"]
[EventType "swiss (blitz)"]
[EventRounds "11"]
[EventCountry "USA"]
[SourceTitle "EXT 2023"]
[Source "ChessBase"]
[SourceDate "2022.10.05"]
[SourceVersion "1"]
[SourceVersionDate "2022.10.05"]
[SourceQuality "1"]

1. e4 c5 2. Nf3 Nc6 3. d4 cxd4 4. Nxd4 Nf6 5. Nc3 d6 6. Bg5 e6 7. Qd2 a6 8. 0-0-0 Bd7 9. f4 Be7 10. Kb1 b5 11. Bxf6 Bxf6 12. Nf3 Be7 13. e5 d5 14. Bd3 b4 15. Ne2 0-0 16. h4 f5 17. exf6 Bxf6 18. Ng5 h6 19. Qe3 Qa5 20. Nh7 b3 21. axb3 Nb4 22. Nxf6+ Rxf6 23. Nc1 Qc7 24. Rhf1 a5 25. g4 a4 26. g5 Rf7 27. gxh6 a3 28. bxa3 Rxa3 29. Qe5 Qa7 30. Rg1 d4 31. Rxg7+ Kf8 32. Qd6+ 1-0

[Event "Titled Tuesday intern op 02nd Aug Late"]
[Site "Chess.com INT"]
[Date "2022.08.02"]
[Round "3"]
[White "Piesik, Piotr"]
[Black "Czarnota, Pawel"]
[Result "0-1"]
[WhiteElo "2440"]
[BlackElo "2502"]
[PlyCount "144"]
[EventDate "2022.08.02"]
[EventType "swiss (blitz)"]
[EventRounds "11"]
[EventCountry "USA"]
[SourceTitle "EXT 2023"]
[Source "ChessBase"]
[SourceDate "2022.10.05"]
[SourceVersion "1"]
[SourceVersionDate "2022.10.05"]
[SourceQuality "1"]

1. Nf3 c6 2. g3 d5 3. Bg2 Nf6 4. 0-0 Bg4 5. d3 Bxf3 6. Bxf3 Nbd7 7. Nd2 e6 8. e4 Bd6 9. Bg2 0-0 10. Qe2 Qe7 11. a4 dxe4 12. dxe4 e5 13. Nc4 Bc5 14. Rd1 Nb6 15. Ne3 Bxe3 16. Bxe3 Qe6 17. b3 Rfd8 18. a5 Nbd7 19. f3 b6 20. Bf1 h5 21. Qe1 h4 22. Bc4 Qe7 23. g4 Ne8 24. g5 b5 25. Bf1 Nf8 26. Qxh4 Ng6 27. Qg3 Nc7 28. Bh3 Ne6 29. Bxe6 Qxe6 30. h4 Qe7 31. h5 Nf4 32. Kh2 Nxh5 33. Qg4 g6 34. a6 Qc7 35. Kg2 Rxd1 36. Rxd1 Qa5 37. Qd7 Qxa6 38. Qe7 Qc8 39. Qxe5 Qe8 40. Qc7 a5 41. Rd7 a4 42. bxa4 bxa4 43. Bd4 a3 44. Re7 Qb8 45. Rxf7 Qxc7 46. Rxc7 a2 47. Ba1 Ra6 48. Kf2 Nf4 49. Ke3 Ne6 50. Re7 Nxg5 51. Rg7+ Kf8 52. Rxg6 Ra3+ 53. Ke2 Nh3 54. Rxc6 Nf4+ 55. Kf2 Ke7 56. Rc3 Ra4 57. Ke3 Ng2+ 58. Kf2 Nf4 59. Rb3 Rc4 60. Rb2 Ra4 61. Ke3 Ng2+ 62. Kd2 Nf4 63. Rb3 Ne6 64. Kc1 Nc5 65. Rc3 Kd6 66. Kb2 Ra8 67. Ra3 Rb8+ 68. Kxa2 Ne6 69. Bc3 Kc5 70. Ra4 Rf8 71. Ra5+ Kb6 72. Re5 Nc7 0-1

[Event "Bydgoszcz op-A"]
[Site "Bydgoszcz"]
[Date "2022.07.04"]
[Round "10"]
[White "Czarnota, Pawel"]
[Black "Kucza, Karol"]
[Result "1/2-1/2"]
[WhiteElo "2502"]
[BlackElo "2305"]
[PlyCount "185"]
[EventDate "2022.06.25"]
[EventType "swiss"]
[EventRounds "10"]
[EventCountry "POL"]
[SourceTitle "CBM 209 Extra"]
[Source "ChessBase"]
[SourceDate "2022.09.30"]
[SourceVersion "1"]
[SourceVersionDate "2022.09.30"]
[SourceQuality "1"]

1. e4 e5 2. Nf3 Nc6 3. Bb5 a6 4. Ba4 Nf6 5. 0-0 Nxe4 6. d4 b5 7. Bb3 d5 8. dxe5 Be6 9. Qe2 Be7 10. Rd1 0-0 11. c4 bxc4 12. Bxc4 Bc5 13. Be3 Bxe3 14. Qxe3 Qb8 15. Bb3 Qb6 16. Qxb6 cxb6 17. Na3 Rfd8 18. Nd4 Nxe5 19. f4 Ng4 20. f5 Bc8 21. Nc6 Rd7 22. Bxd5 Ne3 23. Ne7+ Rxe7 24. Bxa8 Nxd1 25. Rxd1 Nf6 26. Bc6 Bd7 27. Rd6 h5 28. Bxd7 Rxd7 29. Rxd7 Nxd7 30. Kf2 Kf8 31. Ke3 Ke7 32. Ke4 Kd6 33. Nc4+ Kc5 34. Ne5 Nxe5 35. Kxe5 b5 36. f6 g6 37. b4+ Kxb4 38. Kd6 Ka3 39. Ke7 Kxa2 40. Kxf7 b4 41. Kxg6 b3 42. f7 b2 43. f8Q b1Q+ 44. Kxh5 Qh7+ 45. Qh6 Qf5+ 46. Kh4 Qf2+ 47. Kh3 Qf5+ 48. g4 Qf3+ 49. Kh4 Qf2+ 50. Kg5 Qe3+ 51. Kg6 Qe4+ 52. Kf7 Qb7+ 53. Kg8 Qc8+ 54. Kh7 Qc2+ 55. Kg7 Qc7+ 56. Kg6 Qc2+ 57. Kf6 Qc3+ 58. Kf5 Qd3+ 59. Ke5 Qe2+ 60. Kd5 Qb5+ 61. Kd4 Qb4+ 62. Kd3 Qb1+ 63. Kd2 Qb4+ 64. Ke3 Qe1+ 65. Kd3 Qf1+ 66. Kd4 Qd1+ 67. Kc5 Qg1+ 68. Kd5 Qg2+ 69. Ke5 Qe2+ 70. Kf5 Qd3+ 71. Ke6 Qe4+ 72. Kf7 Qb7+ 73. Kg6 Qe4+ 74. Kh5 Qe5+ 75. g5 Qxh2+ 76. Kg6 Qc2+ 77. Kf7 Qc7+ 78. Kg8 Qc4+ 79. Kh8 a5 80. g6 Qc8+ 81. Kh7 Qc2 82. Qf4 a4 83. Kh6 Qc6 84. Qd2+ Kb3 85. Qd3+ Kb2 86. Qe2+ Kb1 87. Qe1+ Kb2 88. Kh7 Qc2 89. Qe5+ Kb1 90. Qd6 Kb2 91. Qb6+ Ka1 92. Qd6 Kb2 93. Qb6+ 1/2-1/2

[Event "Bydgoszcz op-A"]
[Site "Bydgoszcz"]
[Date "2022.07.01"]
[Round "7"]
[White "Jakubowski, Krzysztof"]
[Black "Czarnota, Pawel"]
[Result "1/2-1/2"]
[WhiteElo "2459"]
[BlackElo "2502"]
[PlyCount "26"]
[EventDate "2022.06.25"]
[EventType "swiss"]
[EventRounds "10"]
[EventCountry "POL"]
[SourceTitle "CBM 209 Extra"]
[Source "ChessBase"]
[SourceDate "2022.09.30"]
[SourceVersion "1"]
[SourceVersionDate "2022.09.30"]
[SourceQuality "1"]

1. e4 e5 2. Nf3 Nc6 3. Nc3 Nf6 4. Bb5 Nd4 5. Nxd4 exd4 6. e5 dxc3 7. exf6 Qxf6 8. dxc3 Qe5+ 9. Qe2 Qxe2+ 10. Kxe2 c6 11. Bd3 d5 12. Bf4 Be6 13. a4 a5 1/2-1/2